00726 2200241 4500001002100000005001500021035002000036007000300056008004100059020002200100082001000122084001600132100002600148245006200174260004300236300003300279650004400312856004800356990002000404990002000424990002000444990002000464INLIS00000000003628320220525121546 a0010-0522000188ta220525 g 1 ind  a978-979-29-5009-0 a398.2 a398.2 WIN s0 aWinkanda Satria Putra1 aSeri Cerita Dongeng Dunia Kumpulan Dongeng Negeri Berazil aYogyakarta :bRainbow (Penerbit Andi) aviii,52 hlm :bIlus ;c23 cm aCERITA RAKYAT, DONGENG, MITOS, MITOLOGI aDINAS PERPUSTAKAAN DAN KEARSIPAN KOTA MEDAN a309/S/PUMK/2021 a310/S/PUMK/2021 a310/S/PUMK/2021 a309/S/PUMK/2021